[Event "Cuba ch 2010"]
[Site "Ciego de Ávila CUB"]
[Date "2010.01.20"]
[Round "8.4"]
[White "Perez Rodriguez, Luis Manuel"]
[Black "Corrales Jimenez, Fidel"]
[Result "0-1"]
[WhiteElo "2512"]
[BlackElo "2602"]
[PlyCount "86"]
[EventDate "2010.01.12"]
[EventType "swiss"]
[EventRounds "9"]
[EventCountry "CUB"]
[Source "lmi"]
[SourceDate "2010.01.12"]

1. e4 c5 2. Nf3 d6 3. d4 cxd4 4. Nxd4 Nf6 5. Nc3 g6 6. Be3 Bg7 7. f3 O-O 8. Bc4
Nc6 9. Qd2 Nd7 10. O-O-O Nb6 11. Bb3 Na5 12. Qd3 Bd7 13. h4 Nxb3+ 14. cxb3 Rc8
15. Kb1 f5 16. h5 fxe4 17. fxe4 Qe8 18. Ndb5 Bxc3 19. Nxc3 gxh5 20. Rdf1 Qg6
21. Bxb6 axb6 22. Nd5 Rxf1+ 23. Rxf1 Re8 24. Qf3 Qg7 25. Qxh5 Qxg2 26. Re1 Bc6
27. a4 Qg6 28. Qd1 Kh8 29. Ka2 b5 30. a5 Qg7 31. Rg1 Qe5 32. Qd2 Qxe4 33. Qh6
Qd4 34. Rh1 Qg7 35. Qh5 Ra8 36. b4 e6 37. Nb6 Bxh1 38. Nxa8 Bd5+ 39. b3 Qc3 40.
Qe8+ Kg7 41. Qe7+ Kg6 42. Qe8+ Kg5 43. Qe7+ Kg4 0-1

[Event "Cuba ch 2010"]
[Site "Ciego de Ávila CUB"]
[Date "2010.01.20"]
[Round "8.5"]
[White "Quesada Perez, Yasser"]
[Black "Gomez Garrido, Camilo"]
[Result "1-0"]
[WhiteElo "2423"]
[BlackElo "2461"]
[PlyCount "93"]
[EventDate "2010.01.12"]
[EventType "swiss"]
[EventRounds "9"]
[EventCountry "CUB"]
[Source "lmi"]
[SourceDate "2010.01.12"]

1. e4 c5 2. Nf3 d6 3. d4 cxd4 4. Nxd4 Nf6 5. Nc3 a6 6. Be2 e6 7. O-O Be7 8. Be3
Qc7 9. f4 Nc6 10. Kh1 O-O 11. Qe1 Nxd4 12. Bxd4 b5 13. a3 Bb7 14. Qg3 Rad8 15.
Bd3 Rd7 16. Rae1 Qd8 17. Qh3 g6 18. f5 e5 19. Be3 Nh5 20. Nd5 Bxd5 21. exd5 Bf6
22. Bb6 Qe7 23. g4 Ng7 24. Be3 Rdd8 25. Qg2 g5 26. h4 h6 27. hxg5 hxg5 28. Qh3
e4 29. Bxg5 Rfe8 30. Rxe4 Qxe4+ 31. Bxe4 Bxg5 32. f6 Rxe4 33. fxg7 Kxg7 34.
Rxf7+ Kxf7 35. Qh7+ Kf8 36. Qf5+ Ke8 37. Qxe4+ Be7 38. Qe6 Rd7 39. g5 Kd8 40.
g6 Bf8 41. b3 Bg7 42. Qg8+ Kc7 43. Qa8 Be5 44. Qa7+ Kd8 45. Qb8+ Ke7 46. Qg8
Rc7 47. g7 1-0

[Event "Cuba ch 2010"]
[Site "Ciego de Ávila CUB"]
[Date "2010.01.20"]
[Round "8.6"]
[White "Arencibia Rodriguez, Walter"]
[Black "Ortiz Suarez, Isan Reynaldo"]
[Result "0-1"]
[WhiteElo "2516"]
[BlackElo "2504"]
[PlyCount "112"]
[EventDate "2010.01.12"]
[EventType "swiss"]
[EventRounds "9"]
[EventCountry "CUB"]
[Source "lmi"]
[SourceDate "2010.01.12"]

1. d4 Nf6 2. c4 e6 3. Nc3 d5 4. cxd5 exd5 5. Bg5 c6 6. Qc2 Be7 7. e3 Nbd7 8.
Bd3 Nf8 9. Nge2 Ne6 10. Bh4 g6 11. O-O O-O 12. Rad1 Nh5 13. Bxe7 Qxe7 14. f3
Re8 15. Qd2 Ng5 16. e4 dxe4 17. fxe4 Bg4 18. e5 Rad8 19. Bc4 b5 20. Bb3 a5 21.
Qe3 a4 22. Bc2 Ne6 23. h3 Bxe2 24. Nxe2 Qa7 25. g4 Nhg7 26. Be4 Qb6 27. Kh1 Re7
28. Bg2 h5 29. Qf2 Red7 30. Rd3 b4 31. Rc1 Rc7 32. gxh5 Nxh5 33. Qh4 Rcc8 34.
Rg1 Qb5 35. Be4 Nhg7 36. Qg4 Rc7 37. h4 Nc5 38. Bxg6 fxg6 39. Rf3 Nce6 40. Rf6
Qd5+ 41. Rg2 Nxd4 42. Rxg6 Qxe5 43. Rg5 Qf6 44. Rg6 Qf1+ 45. Ng1 Ndf5 46. Qxb4
Rd4 47. Qb8+ Kh7 48. Qxc7 Rxh4+ 49. Rh2 Rxh2+ 50. Kxh2 Kxg6 51. Qxc6+ Kh7 52.
Qc2 Qf4+ 53. Kg2 Kg8 54. Qc8+ Kf7 55. Qd7+ Kf8 56. Qd8+ Ne8 0-1

[Event "Cuba ch 2010"]
[Site "Ciego de Ávila CUB"]
[Date "2010.01.20"]
[Round "8.8"]
[White "Gonzalez Vidal, Yuri"]
[Black "Jimenez Fraga, Pedro Alejandro"]
[Result "1/2-1/2"]
[WhiteElo "2514"]
[BlackElo "2402"]
[PlyCount "31"]
[EventDate "2010.01.12"]
[EventType "swiss"]
[EventRounds "9"]
[EventCountry "CUB"]
[Source "lmi"]
[SourceDate "2010.01.12"]

1. d4 Nf6 2. c4 g6 3. Nc3 Bg7 4. e4 d6 5. Nf3 O-O 6. h3 e5 7. d5 Nh5 8. Nh2 Na6
9. g3 c6 10. Be2 Nf6 11. Ng4 cxd5 12. cxd5 Nc5 13. Nxf6+ Qxf6 14. h4 Qe7 15.
Be3 Bd7 16. h5 1/2-1/2

[Event "Cuba ch 2010"]
[Site "Ciego de Ávila CUB"]
[Date "2010.01.21"]
[Round "9.2"]
[White "Bruzon Batista, Lazaro"]
[Black "Corrales Jimenez, Fidel"]
[Result "1-0"]
[WhiteElo "2619"]
[BlackElo "2602"]
[PlyCount "105"]
[EventDate "2010.01.12"]
[EventType "swiss"]
[EventRounds "9"]
[EventCountry "CUB"]
[Source "lmi"]
[SourceDate "2010.01.12"]

1. Nf3 d5 2. d4 Nf6 3. c4 c6 4. e3 e6 5. Bd3 Nbd7 6. b3 a5 7. O-O a4 8. Bb2
axb3 9. axb3 Rxa1 10. Bxa1 Bb4 11. Qc2 O-O 12. Nbd2 g6 13. Bc3 Bd6 14. c5 Bc7
15. b4 Qe7 16. Qb2 Nh5 17. b5 f5 18. Ra1 cxb5 19. Bxb5 f4 20. e4 dxe4 21. Nxe4
Ndf6 22. Nxf6+ Nxf6 23. Ba5 Bb8 24. Re1 Nd5 25. Bc4 Rf5 26. h3 g5 27. Qb3 Qg7
28. Bxd5 Rxd5 29. Qb6 Qd7 30. Rc1 Qe7 31. Bb4 Qc7 32. Ra1 Qd8 33. Qxd8+ Rxd8
34. Ba5 Re8 35. Nxg5 Bd7 36. Ne4 Kg7 37. f3 Bc6 38. Nd6 Re7 39. Bd2 Bxd6 40.
cxd6 Rf7 41. Ra8 Kg6 42. Rg8+ Kf5 43. h4 h6 44. h5 e5 45. dxe5 Kxe5 46. Bc3+
Kd5 47. Rg7 Rd7 48. Rg4 Rf7 49. Bg7 Bd7 50. Rg6 Bf5 51. Bxh6 Bxg6 52. hxg6 Rd7
53. g7 1-0

[Event "Cuba ch 2010"]
[Site "Ciego de Ávila CUB"]
[Date "2010.01.21"]
[Round "9.3"]
[White "Nogueiras Santiago, Jesus"]
[Black "Martinez Duany, Lelys Stanley"]
[Result "1/2-1/2"]
[WhiteElo "2570"]
[BlackElo "2507"]
[PlyCount "47"]
[EventDate "2010.01.12"]
[EventType "swiss"]
[EventRounds "9"]
[EventCountry "CUB"]
[Source "lmi"]
[SourceDate "2010.01.12"]

1. d4 Nf6 2. Nf3 d6 3. Nc3 g6 4. e4 Bg7 5. Be2 O-O 6. O-O Nbd7 7. e5 Ne8 8. Bf4
Nb6 9. h3 c6 10. Qc1 Nd5 11. Nxd5 cxd5 12. Bh6 Bf5 13. Bxg7 Kxg7 14. Nh4 Be4
15. f3 e6 16. fxe4 Qxh4 17. Rf4 Qd8 18. exd5 dxe5 19. dxe5 exd5 20. Qe3 Nc7 21.
Rb4 b6 22. Rd1 Qe7 23. Rbd4 Rfe8 24. Bf3 1/2-1/2

[Event "Cuba ch 2010"]
[Site "Ciego de Ávila CUB"]
[Date "2010.01.21"]
[Round "9.4"]
[White "Vera Gonzalez-Quevedo, Reynaldo"]
[Black "Quesada Perez, Yasser"]
[Result "1/2-1/2"]
[WhiteElo "1551"]
[BlackElo "2423"]
[PlyCount "107"]
[EventDate "2010.01.12"]
[EventType "swiss"]
[EventRounds "9"]
[EventCountry "CUB"]
[Source "lmi"]
[SourceDate "2010.01.12"]

1. d4 d5 2. c4 c6 3. Nc3 Nf6 4. cxd5 cxd5 5. Bf4 Nc6 6. Nf3 Bf5 7. e3 e6 8. Bb5
Bb4 9. Ne5 Qb6 10. O-O Bxc3 11. Bxc6+ bxc6 12. bxc3 Nd7 13. c4 Nxe5 14. c5 Qa6
15. Bxe5 O-O 16. Bd6 Rfd8 17. Qb3 Rd7 18. f3 Rb7 19. Qc3 Qd3 20. Rac1 a5 21.
Rfd1 Qxc3 22. Rxc3 a4 23. Ra3 Rb2 24. Rf1 Ra7 25. Rf2 Rb4 26. Re2 Bg6 27. Kf2
Rab7 28. g4 f6 29. Kg3 Rc4 30. h4 h5 31. g5 Kf7 32. Rf2 Ke8 33. Rg2 Rb1 34. Kh2
Kf7 35. Bf4 Bf5 36. Re2 e5 37. dxe5 fxe5 38. Bxe5 Rxh4+ 39. Kg3 Rc4 40. Bd4 Kg6
41. Rc3 Rxc3 42. Bxc3 a3 43. e4 dxe4 44. Rd2 Rf1 45. Rd6+ Kf7 46. fxe4 Bxe4 47.
g6+ Bxg6 48. Rxc6 Be4 49. Rc7+ Ke6 50. Bxg7 Rf7 51. Rxf7 Kxf7 52. Bc3 Bd5 53.
Bb4 Bxa2 54. Bxa3 1/2-1/2

[Event "Cuba ch 2010 Final 3-4 puesto"]
[Site "Ciego de Ávila CUB"]
[Date "2010.01.25"]
[Round "12.22"]
[White "Quezada Perez, Yuniesky"]
[Black "Almeida Quintana, Omar"]
[Result "1/2-1/2"]
[WhiteElo "2584"]
[BlackElo "2524"]
[PlyCount "21"]
[EventDate "2010.01.12"]
[EventType "match"]
[EventRounds "9"]
[EventCountry "CUB"]
[Source "lmi"]
[SourceDate "2010.01.12"]

1. e4 e5 2. Nf3 Nf6 3. Nc3 Nc6 4. Bb5 Bb4 5. O-O O-O 6. d3 Bxc3 7. bxc3 d6 8.
Bg5 Qe7 9. Bxc6 bxc6 10. Bxf6 Qxf6 11. Nd2 1/2-1/2